Vplyv digitalizácie na ekonomickú pridanú hodnotu hudobného priemyslu diplomová práca
Guardado en:
| Autor principal: | |
|---|---|
| Autor Corporativo: | |
| Otros Autores: | |
| Formato: | Libro |
| Lenguaje: | eslovaco |
| Publicado: |
Bratislava
2025
|
| Etiquetas: |
Sin Etiquetas, Sea el primero en etiquetar este registro!
|
MARC
| LEADER | 00000nbm a2200000 4500 | ||
|---|---|---|---|
| 001 | 0309740 | ||
| 005 | 20251212082330.2 | ||
| 041 | 0 | |a slo | |
| 044 | |a SK | ||
| 245 | 1 | 0 | |a Vplyv digitalizácie na ekonomickú pridanú hodnotu hudobného priemyslu |b diplomová práca |c Dominik Novosad ; školiteľ: Mária Barteková |
| 264 | 1 | |a Bratislava |c 2025 | |
| 300 | |a 75 s. | ||
| 100 | 1 | |a Novosad, Dominik | |
| 700 | 1 | |a Barteková, Mária, 1992- | |
| 710 | 2 | |a Fakulta podnikového manažmentu EU. Katedra podnikovohospodárska | |